| 000 | 00489nam a2200193 4500 | ||
|---|---|---|---|
| 005 | 20260115103052.0 | ||
| 008 | 260115b |||||||| |||| 00| 0 eng d | ||
| 020 |
_a9788184117455 _cRs.2050.00 |
||
| 040 | _aMAIN | ||
| 082 |
_a350.0001 _bC455A |
||
| 100 | _aChopra,Dinesh | ||
| 245 | _aAdministrative Theory | ||
| 260 |
_aSonali Punlications _bNew delhi _c2025 |
||
| 300 | _a287 | ||
| 650 | _aPublic Administration | ||
| 650 | _aAdministrative Ethnics | ||
| 942 | _cBK | ||
| 999 |
_c396678 _d396678 |
||